[Event "Corr"]
[Site "?"]
[Date "1999.??.??"]
[Round "?"]
[White "Jurca Horatiu"]
[Black "Edighoffer Harold H"]
[Result "1-0"]
[WhiteElo "2416"]
[BlackElo "2357"]
[PlyCount "111"]
[EventDate "1999.??.??"]
[Source "www.chesslib.no"]
[SourceDate "2004.05.04"]

1. d4 d5 2. c4 dxc4 3. Nf3 b5 4. a4 c6 5. e3 Nf6 6. axb5 cxb5 7. b3 Bb7 8. bxc4 bxc4 9. Bxc4 e6 10. O-O Be7 11. Nbd2 O-O 12. Qb3 Qb6 13. Ba3 Qxb3 14. Bxb3 Bxa3 15. Rxa3 Rc8 16. Ne5 Nc6 17. Nd3 Rab8 18. Rfa1 Rc7 19. Nc5 Bc8 20. Ba4 Nb4 21. Bd1 Nc6 22. Bf3 Nd5 23. Nc4 h6 24. Nd6 Rb6 25. Be4 Rb2 26. h3 Rb6 27. Bd3 Ndb4 28. Nb5 Rxb5 29. Bxb5 Nc2 30. Bxc6 Rxc6 31. Rxa7 Nxa1 32. Rxa1 e5 33. f3 g5 34. Kf2 Kg7 35. Ra5 exd4 36. exd4 Be6 37. Ke3 Bd5 38. Kd3 Kg6 39. Nd7 Bc4+ 40. Kd2 f6 41. Rc5 Rxc5 42. dxc5 Kf5 43. c6 Bb5 44. Nb8 Ke6 45. c7 Bd7 46. Nxd7 Kxd7 47. Ke3 f5 48. Kd4 Kxc7 49. Ke5 f4 50. h4 gxh4 51. Kxf4 Kd6 52. Kf5 Kd5 53. f4 Kd4 54. Kg6 Ke3 55. f5 Kf2 56. Kh5 1-0

[Event "Corr"]
[Site "?"]
[Date "2001.11.01"]
[Round "?"]
[White "Rawlings Alan J.C.(ENG)"]
[Black "Brusila Heikki (FIN)"]
[Result "1/2-1/2"]
[WhiteElo "2348"]
[BlackElo "2307"]
[PlyCount "108"]
[EventDate "2001.??.??"]
[Source "www.chesslib.no"]
[SourceDate "2004.05.04"]

1. d4 d5 2. c4 dxc4 3. Nf3 b5 4. a4 c6 5. axb5 cxb5 6. b3 cxb3 7. e3 Nd7 8. Bxb5 Rb8 9. Qxb3 a6 10. Ne5 e6 11. Rxa6 Rxb5 12. Qxb5 Bxa6 13. Qxa6 Nxe5 14. dxe5 Ne7 15. Bb2 Nd5 16. O-O Be7 17. e4 Nb4 18. Qb5+ Qd7 19. Qxd7+ Kxd7 20. Rd1+ Kc6 21. Ba3 Rb8 22. g3 Rb5 23. Nd2 Rxe5 24. Bb2 Ra5 25. Bxg7 Kb5 26. Nb3 Ra7 27. Nd4+ Kb6 28. Kg2 Ra2 29. Nb3 Kc6 30. Be5 Bg5 31. Kf3 Be7 32. Nd4+ Kc5 33. Rc1+ Kb6 34. Bc7+ Kb7 35. Bf4 Bf6 36. Rb1 Be7 37. g4 Kc8 38. Rc1+ Kd7 39. Nb5 Nc6 40. Rd1+ Ke8 41. Nd6+ Kf8 42. Rc1 Ra6 43. Kg3 Kg8 44. e5 Ra3+ 45. Kg2 Ra6 46. Rc4 h6 47. Nc8 Kh7 48. Nxe7 Nxe7 49. Rc7 Nd5 50. Rxf7+ Kg8 51. Rf6 Ra4 52. Kg3 Nxf6 53. exf6 h5 54. h3 Kf7 1/2-1/2

[Event "Hajduboszormeny Cup"]
[Site "?"]
[Date "1999.07.28"]
[Round "6"]
[White "Rat Dan Ovidiu"]
[Black "Laszlo Janos"]
[Result "1/2-1/2"]
[WhiteElo "2334"]
[BlackElo "2304"]
[PlyCount "55"]
[EventDate "1999.??.??"]
[Source "www.chesslib.no"]
[SourceDate "2004.05.04"]

1. d4 d5 2. c4 dxc4 3. Nf3 b5 4. a4 c6 5. e3 e6 6. axb5 cxb5 7. b3 Bb4+ 8. Bd2 Bxd2+ 9. Nbxd2 a5 10. bxc4 b4 11. Bd3 Nf6 12. O-O O-O 13. e4 e5 14. Qb1 Re8 15. Nxe5 Qxd4 16. Nef3 Qb6 17. e5 Ng4 18. Bxh7+ Kf8 19. Qe4 Nc6 20. c5 Qc7 21. Nc4 g6 22. Bxg6 fxg6 23. Qxg6 Ncxe5 24. Nfxe5 Nxe5 25. Qf6+ Qf7 26. Qh8+ Qg8 27. Qf6+ Qf7 28. Qh8+ 1/2-1/2

[Event "Midwest Masters Open"]
[Site "Chicago, IL USA"]
[Date "1986.??.??"]
[Round "3"]
[White "Leverett, Bruce W"]
[Black "Formanek, Edward W"]
[Result "1/2-1/2"]
[WhiteElo "2250"]
[BlackElo "2350"]
[PlyCount "85"]
[EventDate "1986.??.??"]
[Source "www.chesslib.no"]
[SourceDate "2004.05.04"]

1. d4 d5 2. c4 dxc4 3. Nf3 b5 4. e3 c6 5. a4 e6 6. axb5 cxb5 7. b3 Bb4+ 8. Bd2 Bxd2+ 9. Nbxd2 a5 10. bxc4 b4 11. c5 Nf6 12. Bb5+ Bd7 13. Bxd7+ Nbxd7 14. O-O O-O 15. Qc2 Qc7 16. Rfc1 Nd5 17. Nc4 Rfb8 18. e4 Nc3 19. e5 h6 20. Re1 a4 21. Nfd2 Qc6 22. Qd3 Qd5 23. Re3 Nb5 24. Nf3 a3 25. Ncd2 Nc3 26. Qc4 Qxc4 27. Nxc4 a2 28. Nfd2 b3 29. Nb2 Na4 30. Nxa4 Rxa4 31. Rxb3 Rxb3 32. Nxb3 Rb4 33. Nd2 Rb2 34. Nf1 Nb8 35. g3 Nc6 36. Kg2 Nxd4 37. Ne3 Nb3 38. c6 Nxa1 39. c7 Nb3 40. c8=Q+ Kh7 41. Nc2 g6 42. Qb7 Rxc2 43. Qxf7+ 1/2-1/2

[Event "Corr"]
[Site "?"]
[Date "2000.08.15"]
[Round "?"]
[White "Podzielny Karlheinz Sr"]
[Black "Norris Albert C"]
[Result "1-0"]
[WhiteElo "2361"]
[BlackElo "2227"]
[PlyCount "115"]
[EventDate "2000.??.??"]
[Source "www.chesslib.no"]
[SourceDate "2004.05.04"]

1. d4 d5 2. c4 dxc4 3. Nf3 b5 4. a4 c6 5. e3 Qd6 6. Nc3 b4 7. Ne4 Qg6 8. Nc5 Bg4 9. Bxc4 e6 10. Nd3 Bd6 11. h3 Bxf3 12. Qxf3 Nf6 13. a5 Ne4 14. Ra4 Ng5 15. Qe2 Ne4 16. O-O Nd7 17. Nxb4 c5 18. Nc6 O-O 19. Bd3 f5 20. Bxe4 fxe4 21. Rd1 Rfc8 22. dxc5 Rxc6 23. cxd6 Rac8 24. Bd2 Rxd6 25. Bc3 Rd5 26. Rad4 Rxd4 27. Bxd4 Rc7 28. Bc3 Qf5 29. Qa6 Nf8 30. Qd6 Rf7 31. Rd2 h6 32. b4 Ng6 33. b5 Qxb5 34. Qxe6 Qb1+ 35. Kh2 Nf8 36. Rd8 Qb7 37. Re8 a6 38. Qxe4 Qxe4 39. Rxe4 Rxf2 40. Re8 Kf7 41. Ra8 Ne6 42. Ra7+ Ke8 43. Rxa6 Nc7 44. Rg6 Nd5 45. Bd4 Ra2 46. a6 Ne7 47. Rb6 Nf5 48. a7 Nxd4 49. Rb8+ Ke7 50. a8=Q Rxa8 51. Rxa8 Nf5 52. Ra3 Kf6 53. g4 Nd6 54. Ra6 Ke5 55. Kg2 g6 56. Kf3 g5 57. Rxd6 Kxd6 58. Ke4 1-0

[Event "FRA-chT"]
[Site "?"]
[Date "1996.??.??"]
[Round "?"]
[White "Salus Stephane"]
[Black "Brochet Philippe"]
[Result "1-0"]
[WhiteElo "2230"]
[BlackElo "2260"]
[PlyCount "35"]
[EventDate "1996.??.??"]
[Source "www.chesslib.no"]
[SourceDate "2004.05.04"]

1. d4 d5 2. c4 dxc4 3. Nf3 b5 4. a4 c6 5. e3 Qb6 6. b3 cxb3 7. axb5 a6 8. Qxb3 Nd7 9. Bc4 e6 10. bxc6 Qxc6 11. O-O Ngf6 12. Nbd2 Be7 13. Ba3 Bxa3 14. Qxa3 Ne4 15. Rfc1 Nxd2 16. Nxd2 a5 17. Be2 Qb6 18. Nc4 1-0

[Event "Corr"]
[Site "?"]
[Date "2000.02.15"]
[Round "?"]
[White "Machycek Lubomir (CZE)"]
[Black "Nielsen Jesper (DEN)"]
[Result "1-0"]
[WhiteElo "2120"]
[BlackElo "2272"]
[PlyCount "83"]
[EventDate "2000.??.??"]
[Source "www.chesslib.no"]
[SourceDate "2004.05.04"]

1. d4 d5 2. c4 dxc4 3. Nf3 b5 4. a4 c6 5. e3 Qc7 6. b3 cxb3 7. axb5 cxb5 8. Bxb5+ Bd7 9. Na3 e6 10. Qxb3 Bxa3 11. Bxd7+ Nxd7 12. Bxa3 Qa5+ 13. Nd2 Qd5 14. Qxd5 exd5 15. Ke2 h5 16. Rhb1 a6 17. Rb7 Rh6 18. Rc1 Rb6 19. Ra7 Rbb8 20. Rcc7 Ngf6 21. Bd6 a5 22. Rxd7 Nxd7 23. Bxb8 Rxb8 24. Rxa5 Nf6 25. Kd3 Ke7 26. g3 Ke6 27. h3 Rb6 28. f3 Ng8 29. e4 Ne7 30. Ra3 f5 31. Nb3 Kf7 32. exd5 Nxd5 33. Kc4 Ke6 34. Kc5 Rd6 35. Ra8 f4 36. g4 hxg4 37. hxg4 g6 38. Re8+ Ne7 39. Kc4 Kf7 40. Rb8 Nd5 41. Rb7+ Ke8 42. Kc5 1-0

[Event "Marianske Lazne CZE"]
[Site "?"]
[Date "2006.01.24"]
[Round "4.31"]
[White "Sott Vaclav"]
[Black "Indrak Igor"]
[Result "1-0"]
[WhiteElo "2001"]
[BlackElo "2357"]
[PlyCount "48"]
[EventDate "2006.??.??"]
[Source "www.chesslib.no"]
[SourceDate "2004.05.04"]

1. d4 d5 2. c4 dxc4 3. Nf3 b5 4. e3 c6 5. a4 Bb7 6. axb5 cxb5 7. b3 cxb3 8. Bxb5+ Nd7 9. O-O e6 10. Nbd2 Ngf6 11. Qxb3 Bd5 12. Qa4 Bd6 13. Bc6 Bxc6 14. Qxc6 Be7 15. Ba3 O-O 16. Rfb1 Nb6 17. Bxe7 Qxe7 18. Rxb6 Rac8 19. Rb7 Qd8 20. Qa6 Rc2 21. Rxa7 Nh5 22. Ra8 Qc7 23. Rxf8+ Kxf8 24. Qa8+ Ke7 1-0

[Event "L1.2000.0.00016"]
[Site "?"]
[Date "2000.??.??"]
[Round "?"]
[White "Krzyzanowski Patryk"]
[Black "Baer Werner"]
[Result "1-0"]
[WhiteElo "2000"]
[BlackElo "2135"]
[PlyCount "45"]
[EventDate "2000.??.??"]
[Source "www.chesslib.no"]
[SourceDate "2004.05.04"]

1. d4 d5 2. c4 dxc4 3. Nf3 b5 4. a4 c6 5. e3 Qc7 6. axb5 cxb5 7. Na3 Bd7 8. Ne5 Qb7 9. b3 a5 10. Be2 Nf6 11. Bf3 Nc6 12. bxc4 b4 13. Nb5 e6 14. Qa4 Rc8 15. c5 Qa6 16. Nxd7 Nxd7 17. Bd2 Bxc5 18. dxc5 O-O 19. Nd6 Nxc5 20. Be2 Nxa4 21. Bxa6 Ra8 22. Bb5 Nb2 23. Bxc6 1-0

[Event "Corr"]
[Site "?"]
[Date "2000.10.01"]
[Round "?"]
[White "McLeod Fraser Neil"]
[Black "Parra Christian"]
[Result "1-0"]
[WhiteElo "1983"]
[BlackElo "2150"]
[PlyCount "127"]
[EventDate "2000.??.??"]
[Source "www.chesslib.no"]
[SourceDate "2004.05.04"]

1. d4 d5 2. c4 dxc4 3. Nf3 b5 4. a4 c6 5. e3 Qc7 6. b3 cxb3 7. axb5 cxb5 8. Bxb5+ Bd7 9. Na3 e6 10. Qxb3 Bxa3 11. Bxd7+ Nxd7 12. Bxa3 Qa5+ 13. Nd2 Qd5 14. Qxd5 exd5 15. Ke2 h5 16. Rhb1 a6 17. e4 Rh6 18. exd5 Ngf6 19. d6 Nd5 20. Rb7 Re6+ 21. Kf1 Kd8 22. Rc1 g5 23. Rc6 a5 24. Nb3 Re4 25. Nc5 Nxc5 26. Bxc5 h4 27. Ba7 Rc8 28. Rxc8+ Kxc8 29. Rxf7 Rf4 30. Rg7 g4 31. Bc5 Rf6 32. Kg1 Re6 33. Kf1 Rf6 34. Rg5 Ne3+ 35. Ke2 Nxg2 36. Rg8+ Kd7 37. Rg7+ Kc6 38. Rc7+ Kd5 39. d7 Nf4+ 40. Ke3 Ne6 41. d8=Q+ Nxd8 42. Rd7+ Kc4 43. Rxd8 Rf3+ 44. Ke2 Rh3 45. Rg8 Rxh2 46. Rxg4 Rh1 47. Kf3 h3 48. Rh4 a4 49. Kg3 Rg1+ 50. Kxh3 Ra1 51. Kg2 a3 52. Rh3 a2 53. Ra3 Kd5 54. Bf8 Rb1 55. Rxa2 Kxd4 56. Re2 Rb8 57. Bh6 Kd5 58. Bg5 Rb3 59. Re3 Rb1 60. Kg3 Rf1 61. f4 Kd4 62. Re8 Rg1+ 63. Kh4 Kd5 64. Kh5 1-0

[Event "St Petersburg RUS"]
[Site "?"]
[Date "2005.11.01"]
[Round "4"]
[White "Krylov Andrei"]
[Black "Senkevich Konstantin"]
[Result "0-1"]
[WhiteElo "2131"]
[BlackElo "2002"]
[PlyCount "65"]
[EventDate "2005.??.??"]
[Source "www.chesslib.no"]
[SourceDate "2004.05.04"]

1. d4 d5 2. c4 dxc4 3. Nf3 b5 4. g3 e6 5. Bg2 Bb7 6. a4 a6 7. O-O Nf6 8. b3 cxb3 9. axb5 axb5 10. Rxa8 Bxa8 11. Qxb3 b4 12. Bg5 Be7 13. Bxf6 gxf6 14. Nbd2 O-O 15. e4 Nc6 16. Qe3 Qd7 17. Nb3 Rd8 18. Bh3 Bf8 19. Qf4 Qe7 20. Rc1 Bg7 21. Qg4 Na7 22. Bf1 Qd6 23. Bd3 Nc6 24. Qh5 f5 25. Ng5 Rd7 26. Qxh7+ Kf8 27. Bb5 Re7 28. e5 Nxe5 29. Rc5 Nd7 30. Qh4 Nxc5 31. Nh7+ Kg8 32. dxc5 Qd1+ 33. Bf1 0-1

[Event "Corr"]
[Site "?"]
[Date "2003.07.16"]
[Round "?"]
[White "Sadowski Marek"]
[Black "Sorroche Francisco"]
[Result "1/2-1/2"]
[WhiteElo "2001"]
[BlackElo "2122"]
[PlyCount "62"]
[EventDate "2003.??.??"]
[Source "www.chesslib.no"]
[SourceDate "2004.05.04"]

1. d4 d5 2. c4 dxc4 3. Nf3 b5 4. a4 c6 5. e3 Nf6 6. axb5 cxb5 7. b3 Be6 8. bxc4 Bxc4 9. Bxc4 bxc4 10. Qa4+ Qd7 11. Qxc4 Qc6 12. Nbd2 e6 13. Qd3 Nd5 14. O-O Nb4 15. Qe2 Be7 16. Ne5 Qb7 17. Ba3 Nd7 18. Nxd7 Qxd7 19. Rfb1 Rb8 20. Nc4 O-O 21. Ne5 Qb7 22. Bxb4 Bxb4 23. Qa6 Qxa6 24. Rxa6 Bd6 25. Rba1 Bxe5 26. dxe5 Rfd8 27. Rxa7 g6 28. g4 Rd5 29. R1a5 Rbb5 30. Rxb5 Rxb5 31. f4 Rb2 1/2-1/2

[Event "Corr"]
[Site "?"]
[Date "2002.11.12"]
[Round "?"]
[White "Frost Lionel B"]
[Black "Berk Cem"]
[Result "1/2-1/2"]
[WhiteElo "2292"]
[BlackElo "1775"]
[PlyCount "57"]
[EventDate "2002.??.??"]
[Source "www.chesslib.no"]
[SourceDate "2004.05.04"]

1. d4 d5 2. c4 dxc4 3. Nf3 b5 4. a4 c6 5. e3 Nf6 6. axb5 cxb5 7. b3 e6 8. bxc4 bxc4 9. Bxc4 Bd6 10. O-O O-O 11. Nbd2 a5 12. Ba3 Nc6 13. Bxd6 Qxd6 14. Bb5 Bd7 15. Nb3 Qd5 16. Nc5 Rfb8 17. Ba4 Nb4 18. Re1 Bc6 19. Bxc6 Nxc6 20. e4 Qd8 21. Qa4 Rb6 22. Rac1 Rc8 23. Nd3 Nb4 24. Rxc8 Qxc8 25. Nc5 Nc6 26. Rc1 h6 27. Qd1 Qa8 28. h3 Rb4 29. d5 1/2-1/2

[Event "C1998P.015"]
[Site "IECG email"]
[Date "1998.??.??"]
[Round "?"]
[White "Brito Loeza, Carlos"]
[Black "Laurent, Claude"]
[Result "1-0"]
[WhiteElo "1940"]
[BlackElo "2105"]
[PlyCount "97"]
[EventDate "1998.??.??"]
[Source "www.chesslib.no"]
[SourceDate "2004.05.04"]

1. d4 d5 2. c4 dxc4 3. Nf3 b5 4. a4 c6 5. e3 Qc7 6. axb5 cxb5 7. b3 cxb3 8. Bxb5+ Bd7 9. Na3 e6 10. Qxb3 Bxa3 11. Bxd7+ Nxd7 12. Bxa3 Qa5+ 13. Ke2 Qa6+ 14. Qd3 Qxd3+ 15. Kxd3 a5 16. Rhc1 Ne7 17. e4 g5 18. h3 Ng6 19. g3 f6 20. Rab1 h5 21. Rc6 Kf7 22. Rb7 Rhd8 23. Rcc7 Ke8 24. h4 g4 25. Nd2 Rac8 26. Rxc8 Rxc8 27. Nc4 Rb8 28. Nd6+ Kd8 29. Rxb8+ Nxb8 30. Nb7+ Kc7 31. Nxa5 f5 32. exf5 exf5 33. Nc4 Nd7 34. Ne3 f4 35. Nd5+ Kc6 36. Nxf4 Nxf4+ 37. gxf4 Kd5 38. f5 Nb8 39. Be7 Nc6 40. f6 Nxd4 41. f7 Ne6 42. f8=Q Nxf8 43. Bxf8 Ke5 44. Ke3 Kf5 45. Bg7 Kg6 46. Bb2 Kf5 47. Bc3 Ke6 48. Kf4 Kd5 49. Kg5 1-0

[Event "C1.2000.0.00258"]
[Site "?"]
[Date "2000.??.??"]
[Round "?"]
[White "Guzman Carlos M"]
[Black "Portune Frank R"]
[Result "1-0"]
[WhiteElo "2080"]
[BlackElo "1945"]
[PlyCount "55"]
[EventDate "2000.??.??"]
[Source "www.chesslib.no"]
[SourceDate "2004.05.04"]

1. d4 d5 2. c4 dxc4 3. Nf3 b5 4. a4 c6 5. e3 Nf6 6. b3 cxb3 7. axb5 Be6 8. Bb2 Qb6 9. Nc3 Nd5 10. Na4 Qa5+ 11. Qd2 Qxd2+ 12. Nxd2 Nc7 13. bxc6 Nxc6 14. Nc5 Bc8 15. Ncxb3 Rb8 16. Be2 Be6 17. Bd1 f6 18. O-O Kd8 19. e4 Bc8 20. d5 Nb4 21. Bc3 Ba6 22. Re1 e6 23. dxe6 Rb6 24. Bd4 Rxe6 25. Bxa7 Rd6 26. Nf3 Kc8 27. Nfd4 Bd3 28. Bg4+ 1-0

[Event "Corr"]
[Site "?"]
[Date "2000.05.04"]
[Round "?"]
[White "Sveinsson Jon"]
[Black "Hughes Dave"]
[Result "1-0"]
[WhiteElo "1932"]
[BlackElo "2088"]
[PlyCount "57"]
[EventDate "2000.??.??"]
[Source "www.chesslib.no"]
[SourceDate "2004.05.04"]

1. d4 d5 2. c4 dxc4 3. Nf3 b5 4. a4 c6 5. axb5 cxb5 6. b3 cxb3 7. e3 b4 8. Ne5 Qc7 9. Bb2 Nf6 10. Bb5+ Nbd7 11. Qxb3 e6 12. O-O Bd6 13. Rc1 Qb8 14. Qa4 a6 15. Nd2 Rg8 16. e4 h6 17. Ndc4 Bf8 18. Nb6 Qxb6 19. Rxc8+ Rxc8 20. Bxd7+ Kd8 21. Nxf7+ Ke7 22. Bxc8 Kxf7 23. Rc1 Bd6 24. e5 Rd8 25. Rc6 Qb8 26. Qc2 Ne8 27. exd6 Rxd6 28. d5 exd5 29. Qf5+ 1-0

[Event "Corr"]
[Site "?"]
[Date "2005.01.16"]
[Round "?"]
[White "Nenciulescu Silviu Catalin"]
[Black "Krunski Jan Maria"]
[Result "0-1"]
[WhiteElo "2285"]
[BlackElo "1723"]
[PlyCount "74"]
[EventDate "2005.??.??"]
[Source "www.chesslib.no"]
[SourceDate "2004.05.04"]

1. d4 d5 2. c4 dxc4 3. Nf3 b5 4. a4 c6 5. e3 Nf6 6. axb5 cxb5 7. b3 Be6 8. Nbd2 c3 9. Bxb5+ Bd7 10. Bxd7+ Nbxd7 11. Nc4 e6 12. Ba3 Bxa3 13. Rxa3 Nd5 14. Qc2 O-O 15. e4 Nc7 16. Ra5 Nf6 17. O-O Qb8 18. Nd6 Qb6 19. Nc4 Qb8 20. Rfa1 Nb5 21. Qd3 Qb7 22. e5 Nd5 23. Ng5 g6 24. Ne4 Rfb8 25. R5a4 h6 26. Na5 Qb6 27. Nc5 Rc8 28. Nc6 Qxc6 29. Ne4 Qb7 30. Rc4 Rab8 31. Kh1 Rd8 32. h4 Qe7 33. g3 Rb7 34. h5 Kg7 35. Nc5 Nb6 36. Rxc3 Nxc3 37. Qxc3 Nd5 0-1

[Event "Francisco Bailen in Memoriam"]
[Site "?"]
[Date "2000.??.??"]
[Round "6"]
[White "Grifoll i Miro Joan"]
[Black "Armada Marcio"]
[Result "1/2-1/2"]
[WhiteElo "1890"]
[BlackElo "2090"]
[PlyCount "143"]
[EventDate "2000.??.??"]
[Source "www.chesslib.no"]
[SourceDate "2004.05.04"]

1. d4 d5 2. c4 dxc4 3. Nf3 b5 4. e4 Bb7 5. a4 a6 6. axb5 axb5 7. Rxa8 Bxa8 8. Nc3 c6 9. Be2 Nf6 10. O-O e6 11. Qc2 Nbd7 12. Bd2 Be7 13. Ra1 O-O 14. e5 Nd5 15. Ra7 N7b6 16. Ne4 h6 17. b3 cxb3 18. Qxb3 Na4 19. Ra5 Qb8 20. Ne1 Bb7 21. Qg3 Kh8 22. Qh3 f6 23. Bxh6 gxh6 24. Qxh6+ Kg8 25. Qg6+ Kh8 26. Ng5 fxg5 27. Bd3 Rf7 28. Qxf7 Qg8 29. Qh5+ Kg7 30. Qg6+ Kf8 31. Qh6+ Ke8 32. Ra7 Bc8 33. Nf3 Kd8 34. Bh7 Qf8 35. Qxf8+ Bxf8 36. Nxg5 Nac3 37. Nf7+ Ke8 38. Bg6 Nf4 39. Nh8+ Kd8 40. Kf1 Nxg6 41. Nxg6 b4 42. Nxf8 b3 43. Ra3 b2 44. Rb3 b1=R+ 45. Rxb1 Nxb1 46. Ke1 Na3 47. Kd2 Nb5 48. Kd3 Ke7 49. Ng6+ Kf7 50. Nf4 Ba6 51. g4 Nd6+ 52. Kd2 Nb5 53. Ne2 Na3 54. Ng3 c5 55. dxc5 Nc4+ 56. Kc3 Nxe5 57. h3 Nf3 58. Kb4 Bb7 59. Kb5 Nd4+ 60. Kb6 Bg2 61. h4 e5 62. Kc7 Ke7 63. h5 Bf3 64. h6 Ne6+ 65. Kb6 Kf7 66. Nf5 Kg8 67. Ne3 Kh7 68. c6 Kxh6 69. c7 Nxc7 70. Kxc7 Kg5 71. Kd6 Bxg4 72. Kxe5 1/2-1/2

[Event "L1.1999.0.00007"]
[Site "?"]
[Date "1999.??.??"]
[Round "?"]
[White "Billion Paul"]
[Black "Gustavsson Stellan"]
[Result "1-0"]
[WhiteElo "2065"]
[BlackElo "1910"]
[PlyCount "37"]
[EventDate "1999.??.??"]
[Source "www.chesslib.no"]
[SourceDate "2004.05.04"]

1. d4 d5 2. c4 dxc4 3. Nf3 b5 4. a4 c6 5. axb5 cxb5 6. b3 cxb3 7. e3 b4 8. Ne5 Qd5 9. Be2 Bf5 10. Bf3 Be4 11. Bxe4 Qxe4 12. Qxb3 Nf6 13. Qxf7+ Kd8 14. f3 Qc2 15. O-O a5 16. Bd2 Qc7 17. Rc1 Qb7 18. Qe6 Ke8 19. Rc8+ 1-0

[Event "Saint-Chely d'Aubrac (4eme open)"]
[Site "?"]
[Date "2004.07.20"]
[Round "5.21"]
[White "Laine Patrice"]
[Black "Chokbengboun Thomas"]
[Result "1/2-1/2"]
[WhiteElo "2070"]
[BlackElo "1900"]
[PlyCount "90"]
[EventDate "2004.??.??"]
[Source "www.chesslib.no"]
[SourceDate "2004.05.04"]

1. d4 d5 2. c4 dxc4 3. Nf3 b5 4. e3 Bb7 5. a4 a6 6. axb5 axb5 7. Rxa8 Bxa8 8. b3 e6 9. bxc4 bxc4 10. Bxc4 Nd7 11. O-O Ngf6 12. Nc3 Be7 13. Qe2 c5 14. Rd1 Bxf3 15. Qxf3 cxd4 16. exd4 O-O 17. Qg3 Kh8 18. d5 exd5 19. Nxd5 Nxd5 20. Bxd5 Nf6 21. Bb3 Qb6 22. Bb2 Bc5 23. Qf3 Bxf2+ 24. Qxf2 Qxb3 25. Rf1 Ng8 26. h3 f6 27. Bd4 Qd5 28. Rc1 Rd8 29. Be3 Qd3 30. Rc7 Re8 31. Bf4 g5 32. Bxg5 Qb1+ 33. Kh2 Qg6 34. Bd2 Rf8 35. Bc3 Rf7 36. Rc4 Qd3 37. Rc6 Qg6 38. Bb2 h6 39. Rc4 Kh7 40. Rg4 Qd3 41. Qf4 Qd8 42. Qf5+ Kh8 43. Qg6 Qf8 44. Ba3 Qg7 45. Qh5 Qh7 1/2-1/2

[Event "Corr"]
[Site "?"]
[Date "2005.02.28"]
[Round "?"]
[White "Mayer Eduardo"]
[Black "Bladyko Pawel"]
[Result "1-0"]
[WhiteElo "2250"]
[BlackElo "1718"]
[PlyCount "41"]
[EventDate "2005.??.??"]
[Source "www.chesslib.no"]
[SourceDate "2004.05.04"]

1. d4 d5 2. c4 dxc4 3. Nf3 b5 4. a4 c6 5. e3 Nf6 6. b3 cxb3 7. axb5 Be6 8. Nbd2 Bd5 9. Bd3 cxb5 10. Bxb5+ Nbd7 11. e4 Qb6 12. Bxd7+ Nxd7 13. exd5 b2 14. Bxb2 Qxb2 15. Qa4 Qb7 16. Nc4 Rb8 17. O-O Qxd5 18. Rab1 Rc8 19. Rfc1 Rd8 20. Ne3 Qd6 21. Rc6 1-0

[Event "Corr"]
[Site "?"]
[Date "1999.09.06"]
[Round "?"]
[White "Campbell Samuel"]
[Black "Keevil Paul"]
[Result "0-1"]
[WhiteElo "1975"]
[BlackElo "1980"]
[PlyCount "22"]
[EventDate "1999.??.??"]
[Source "www.chesslib.no"]
[SourceDate "2004.05.04"]

1. d4 d5 2. c4 dxc4 3. Nf3 b5 4. a4 c6 5. e3 Nf6 6. axb5 cxb5 7. b3 Be6 8. bxc4 Bxc4 9. Bxc4 bxc4 10. Qa4+ Nbd7 11. Qxc4 Rc8 0-1

[Event "Corr"]
[Site "?"]
[Date "2000.03.05"]
[Round "?"]
[White "Cijs Peter JG"]
[Black "Keevil Paul"]
[Result "1-0"]
[WhiteElo "1953"]
[BlackElo "1980"]
[PlyCount "49"]
[EventDate "2000.??.??"]
[Source "www.chesslib.no"]
[SourceDate "2004.05.04"]

1. d4 d5 2. c4 dxc4 3. Nf3 b5 4. a4 c6 5. e3 Nf6 6. b3 cxb3 7. axb5 Be6 8. Ne5 Bd5 9. Nc3 e6 10. Ba3 Bxa3 11. Rxa3 O-O 12. Nxd5 Nxd5 13. Qxb3 cxb5 14. Bxb5 f6 15. Nd3 Qd6 16. O-O Nc7 17. Rfa1 Rc8 18. Rc1 a6 19. Ra2 Kh8 20. Qa3 Qxa3 21. Rxa3 Kg8 22. d5 exd5 23. Nf4 Kf7 24. Bd3 Ra7 25. Rac3 1-0

[Event "CP.2000.P.00065"]
[Site "?"]
[Date "2000.??.??"]
[Round "?"]
[White "Bunyan Henry"]
[Black "Portune Frank R"]
[Result "1-0"]
[WhiteElo "1885"]
[BlackElo "2020"]
[PlyCount "45"]
[EventDate "2000.??.??"]
[Source "www.chesslib.no"]
[SourceDate "2004.05.04"]

1. d4 d5 2. c4 dxc4 3. Nf3 b5 4. a4 c6 5. e3 a6 6. axb5 cxb5 7. b3 Be6 8. bxc4 Bxc4 9. Bxc4 bxc4 10. Ne5 Nf6 11. Qa4+ Nbd7 12. Nxc4 e6 13. Ba3 Be7 14. Nd6+ Bxd6 15. Bxd6 Ne4 16. Bb4 Nef6 17. Nc3 Rb8 18. O-O Qc7 19. Rfc1 Ng4 20. Ne4 Qxh2+ 21. Kf1 Qh1+ 22. Ke2 Qh5 23. Qxa6 1-0

[Event "Corr"]
[Site "?"]
[Date "2000.08.29"]
[Round "?"]
[White "Maloberti David"]
[Black "Hakuc Waclaw"]
[Result "1-0"]
[WhiteElo "2001"]
[BlackElo "1839"]
[PlyCount "55"]
[EventDate "2000.??.??"]
[Source "www.chesslib.no"]
[SourceDate "2004.05.04"]

1. d4 d5 2. c4 dxc4 3. Nf3 b5 4. e4 Nf6 5. e5 Nd5 6. a4 Bf5 7. axb5 Nb4 8. Na3 Nd3+ 9. Bxd3 cxd3 10. e6 fxe6 11. Bf4 Qd5 12. Rc1 Qe4+ 13. Be3 e5 14. O-O Bg4 15. dxe5 Nd7 16. Rc4 Qf5 17. Rf4 Qg6 18. e6 Qxe6 19. Nd4 Qxe3 20. Qxg4 Qe5 21. Nc4 Qd5 22. Ne6 Rc8 23. Rd4 Nf6 24. Qh3 Qxb5 25. Nxf8 Rb8 26. Ne6 Rc8 27. Qxd3 c6 28. Nxg7+ 1-0

[Event "Corr"]
[Site "?"]
[Date "2004.07.11"]
[Round "?"]
[White "MacDonald Paul"]
[Black "Bladyko Pawel"]
[Result "1/2-1/2"]
[WhiteElo "2054"]
[BlackElo "1773"]
[PlyCount "43"]
[EventDate "2004.??.??"]
[Source "www.chesslib.no"]
[SourceDate "2004.05.04"]

1. d4 d5 2. c4 dxc4 3. Nf3 b5 4. a4 c6 5. e3 Nf6 6. axb5 cxb5 7. b3 Be6 8. bxc4 Bxc4 9. Bxc4 bxc4 10. Ne5 Nbd7 11. Nxc4 e6 12. O-O Be7 13. Ba3 O-O 14. Nbd2 Bxa3 15. Rxa3 Nb6 16. Qa1 Nxc4 17. Nxc4 Qc7 18. Rc1 Rfc8 19. Rac3 Nd5 20. R3c2 Nb4 21. Rc3 Nd5 22. R3c2 1/2-1/2

[Event "Paris FRA op A"]
[Site "Paris"]
[Date "1998.??.??"]
[Round "?"]
[White "Lefhaili, David"]
[Black "Loriente, Pierre"]
[Result "1-0"]
[WhiteElo "1980"]
[BlackElo "1830"]
[PlyCount "49"]
[EventDate "1998.??.??"]
[Source "www.chesslib.no"]
[SourceDate "2004.05.04"]

1. d4 d5 2. c4 dxc4 3. Nf3 b5 4. g3 Bb7 5. Bg2 e6 6. O-O Nf6 7. Nc3 a6 8. a4 b4 9. Nb1 a5 10. Qc2 Bd5 11. Bg5 Be7 12. Nbd2 c5 13. Nxc4 cxd4 14. Rfd1 Nc6 15. Nxd4 Nxd4 16. Rxd4 Rc8 17. e4 Bc5 18. exd5 Bxd4 19. Nd6+ Ke7 20. Nxc8+ Qxc8 21. Qe2 Re8 22. Rc1 Qb8 23. dxe6 Kf8 24. Bf4 Rxe6 25. Qxe6 1-0

[Event "Corr"]
[Site "?"]
[Date "2000.05.26"]
[Round "?"]
[White "Endean Andrew"]
[Black "Bass Stanley"]
[Result "1/2-1/2"]
[WhiteElo "1919"]
[BlackElo "1884"]
[PlyCount "100"]
[EventDate "2000.??.??"]
[Source "www.chesslib.no"]
[SourceDate "2004.05.04"]

1. d4 d5 2. c4 dxc4 3. Nf3 b5 4. a4 c6 5. e3 Bf5 6. axb5 cxb5 7. Nc3 Qb6 8. b3 e6 9. bxc4 bxc4 10. Bxc4 Bb4 11. Bd2 Ne7 12. O-O O-O 13. Na4 Qd6 14. Bxb4 Qxb4 15. Qe2 Nd7 16. Bb5 Nf6 17. Nc5 Rfb8 18. Ba6 Ne4 19. Rfc1 Nxc5 20. Rxc5 Qb2 21. Qxb2 Rxb2 22. Ne5 f6 23. Nc4 Rb1+ 24. Rxb1 Bxb1 25. Nd2 Bg6 26. Kf1 Be8 27. Ne4 Kf8 28. Nc3 Rd8 29. Ke2 Bc6 30. f3 Rb8 31. Kd3 Rb2 32. Ne2 g5 33. e4 Rb3+ 34. Kc2 Ba4 35. Nc3 Rb6+ 36. Nxa4 Rxa6 37. Rc4 Kf7 38. g3 h5 39. Kb2 g4 40. fxg4 hxg4 41. Nc5 Rb6+ 42. Kc3 Rb5 43. Ra4 a5 44. Kc4 Rb2 45. Rxa5 Rc2+ 46. Kd3 Rxh2 47. Ra6 Rg2 48. Nxe6 Rxg3+ 49. Ke2 Rc3 50. Kd2 Rc4 1/2-1/2